[Event "TUR-chT 2nd League"]
[Site "Denizli"]
[Date "2023.07.15"]
[Round "9.83"]
[White "Celik, Musa"]
[Black "Gazioglu, Halit"]
[Result "0-1"]
[WhiteElo "1688"]
[BlackElo "1850"]
[PlyCount "135"]
[EventDate "2023.07.09"]
[EventType "team-swiss"]
[EventRounds "9"]
[EventCountry "TUR"]
[SourceTitle "CBM 215 Extra"]
[Source "ChessBase"]
[SourceDate "2023.09.30"]
[SourceVersion "1"]
[SourceVersionDate "2023.09.30"]
[SourceQuality "1"]
[WhiteTeam "Celik"]
[BlackTeam "Gaziantep Tantima"]
[WhiteTeamCountry "TUR"]
[BlackTeamCountry "TUR"]

1. Nf3 d5 2. e3 Nf6 3. b3 g6 4. Bb2 Bg7 5. d4 0-0 6. Bd3 c6 7. Nbd2 Bf5 8. Qe2 Qa5 9. 0-0 Ne4 10. c4 Nd7 11. Rfc1 Rac8 12. a3 e6 13. h3 Nxd2 14. Nxd2 Bxd3 15. Qxd3 f5 16. f4 Nf6 17. Bc3 Qd8 18. Nf3 Ne4 19. Be1 h6 20. Ra2 Rf7 21. c5 Bf6 22. Rcc2 g5 23. g3 Rg7 24. Rg2 g4 25. hxg4 Rxg4 26. Nh2 Rg7 27. g4 Qe8 28. gxf5 exf5 29. Rxg7+ Bxg7 30. Rg2 Qh5 31. Qe2 Qxe2 32. Rxe2 b6 33. cxb6 axb6 34. Rc2 c5 35. Nf3 Ra8 36. a4 Rc8 37. Kf1 Kf7 38. Ke2 Bf6 39. dxc5 bxc5 40. b4 Ra8 41. bxc5 Rxa4 42. c6 Ra8 43. c7 Rc8 44. Ba5 Ke6 45. Kd3 Kd6 46. Nd4 Nc5+ 47. Ke2 Bxd4 48. Bb4 Kd7 49. exd4 Ne6 50. Ke3 Rxc7 51. Rh2 Rc4 52. Bc5 Rc3+ 53. Kd2 Rf3 54. Rxh6 Nxf4 55. Rf6 Ne6 56. Rf7+ Kc8 57. Bb6 f4 58. Re7 Ng5 59. Rc7+ Kb8 60. Rd7 Ne4+ 61. Ke2 Re3+ 62. Kf1 f3 63. Rxd5 Rb3 64. Rd8+ Kb7 65. Ba5 Rb1+ 66. Be1 f2 67. Rd7+ Kc8 68. Re7 0-1

[Event "TUR-chT Clubs"]
[Site "Konya"]
[Date "2019.07.16"]
[Round "1.4"]
[White "Ay, Altug"]
[Black "Celik, Musa"]
[Result "0-1"]
[WhiteElo "1224"]
[BlackElo "1773"]
[PlyCount "90"]
[EventDate "2019.07.16"]
[EventType "team-swiss"]
[EventRounds "9"]
[EventCountry "TUR"]
[SourceTitle "CBM 191 Extra"]
[Source "ChessBase"]
[SourceDate "2019.09.30"]
[SourceVersion "1"]
[SourceVersionDate "2019.09.30"]
[SourceQuality "1"]
[WhiteTeam "Karaman Onder Durmus"]
[BlackTeam "Celik Dernegi"]
[WhiteTeamCountry "TUR"]
[BlackTeamCountry "TUR"]

1. d4 Nf6 2. Nf3 e6 3. Bf4 d5 4. e3 c5 5. c3 cxd4 6. exd4 Bd6 7. Bxd6 Qxd6 8. Nbd2 0-0 9. Bd3 Nc6 10. 0-0 e5 11. dxe5 Nxe5 12. Nxe5 Qxe5 13. Re1 Qc7 14. Qc2 Bg4 15. Nb3 Rad8 16. Nd4 a6 17. Re3 Rfe8 18. Rae1 Rxe3 19. Rxe3 Bh5 20. h3 Bg6 21. Bxg6 hxg6 22. Qe2 Rd7 23. f3 Kh7 24. Re5 Nh5 25. Re8 Qg3 26. Qe1 Qg5 27. Re5 Qf6 28. Qe3 Nf4 29. Ne2 Nd3 30. Re8 Nxb2 31. Qc5 Rd8 32. Re7 Rc8 33. Qb4 b5 34. Rb7 Na4 35. Qg4 Re8 36. Nf4 Nxc3 37. h4 Qxf4 38. Qxf4 Ne2+ 39. Kf2 Nxf4 40. Rxf7 Nd3+ 41. Kg3 Nb4 42. Rd7 Nxa2 43. Rxd5 b4 44. Ra5 b3 45. Rxa6 Rb8 0-1

[Event "TUR-chT2"]
[Site "Konya"]
[Date "2017.07.12"]
[Round "6.9"]
[White "Celik, Musa"]
[Black "Uysal, Burak"]
[Result "1/2-1/2"]
[WhiteElo "1780"]
[BlackElo "2150"]
[PlyCount "61"]
[EventDate "2017.07.09"]
[EventType "team-swiss"]
[EventRounds "9"]
[EventCountry "TUR"]
[SourceTitle "CBM 179 Extra"]
[Source "ChessBase"]
[SourceDate "2017.08.23"]
[SourceVersion "1"]
[SourceVersionDate "2017.08.23"]
[SourceQuality "1"]
[WhiteTeam "Yildiz"]
[BlackTeam "Duzcespor"]
[WhiteTeamCountry "TUR"]
[BlackTeamCountry "TUR"]

1. e4 e5 2. Nf3 Nc6 3. d4 exd4 4. Nxd4 Nf6 5. Nc3 Bb4 6. Nxc6 bxc6 7. Bd3 0-0 8. 0-0 d5 9. exd5 cxd5 10. Bg5 c6 11. a3 Be7 12. Re1 h6 13. Bh4 Be6 14. Qf3 Qb6 15. h3 Kh8 16. Bf5 Rae8 17. Rab1 d4 18. Bxf6 Bxf6 19. Ne4 Bd5 20. Qh5 Bxe4 21. Rxe4 Rxe4 22. Bxe4 c5 23. b3 Bg5 24. Bd3 Qe6 25. Qe2 Qxe2 26. Bxe2 Rb8 27. Bc4 Kg8 28. Re1 Bf6 29. a4 Kf8 30. g3 Rb6 31. Kg2 1/2-1/2

[Event "TUR-chT2"]
[Site "Konya"]
[Date "2017.07.12"]
[Round "5.11"]
[White "Yanikoglu, Omer"]
[Black "Celik, Musa"]
[Result "1-0"]
[WhiteElo "1764"]
[BlackElo "1780"]
[PlyCount "115"]
[EventDate "2017.07.09"]
[EventType "team-swiss"]
[EventRounds "9"]
[EventCountry "TUR"]
[SourceTitle "CBM 179 Extra"]
[Source "ChessBase"]
[SourceDate "2017.08.23"]
[SourceVersion "1"]
[SourceVersionDate "2017.08.23"]
[SourceQuality "1"]
[WhiteTeam "Genclik Giresun"]
[BlackTeam "Yildiz"]
[WhiteTeamCountry "TUR"]
[BlackTeamCountry "TUR"]

1. Nf3 d5 2. b3 Nf6 3. Bb2 c5 4. e3 Nc6 5. d4 cxd4 6. exd4 Bg4 7. Be2 e6 8. 0-0 Bd6 9. Nbd2 0-0 10. c4 Re8 11. Ne5 Bf5 12. Bf3 Ne4 13. Re1 Nxe5 14. dxe5 Bb4 15. Bxe4 dxe4 16. Nxe4 Bxe1 17. Qxe1 Bxe4 18. Qxe4 Qd2 19. Ba3 Rad8 20. Bd6 f6 21. c5 Qc3 22. Re1 fxe5 23. Qxe5 Qxe5 24. Rxe5 Kf7 25. f4 a5 26. a3 b6 27. b4 bxc5 28. bxc5 Rc8 29. Kf2 Red8 30. Re3 Rd7 31. Kf3 Rb7 32. Ke4 Rb2 33. g4 Rxh2 34. Rb3 Re2+ 35. Kf3 Ra2 36. Rb7+ Kg8 37. Rb3 a4 38. Rc3 Rd2 39. Be5 Rb2 40. Ke4 Rb3 41. Rc4 Rxa3 42. c6 Rb3 43. c7 Rb5 44. Rxa4 Kf7 45. Rc4 g6 46. g5 Ke7 47. Rc1 Kf7 48. Rh1 Ke8 49. Rc1 Rd5 50. Rc6 Kf7 51. Rc1 Kg8 52. Kf3 Kf7 53. Rh1 Kg8 54. Rb1 Kf7 55. Rb8 Rxe5 56. Rxc8 Rc5 57. Rh8 Kg7 58. c8Q 1-0